Phế đô; T1 Tiểu thuyết

Uloženo v:
Podrobná bibliografie
Hlavní autor: Giả Bình Ao
Médium: Kniha
Jazyk:Undetermined
Vydáno: Đà Nẵng Nxb. Đà Nẵng 1999
Témata:
Tagy: Přidat tag
Žádné tagy, Buďte první, kdo otaguje tento záznam!
Thư viện lưu trữ: Trung tâm Học liệu Trường Đại học Cần Thơ
LEADER 00552nam a2200181Ia 4500
001 CTU_35895
008 210402s9999 xx 000 0 und d
082 |a 895.13 
082 |b A108/T1 
100 |a Giả Bình Ao 
245 0 |a Phế đô; T1 
245 0 |b Tiểu thuyết 
245 0 |c Giả Bình Ao, Vũ Công Hoan 
260 |a Đà Nẵng 
260 |b Nxb. Đà Nẵng 
260 |c 1999 
650 |a chinese fiction ( vietnamese ),chinese literature - 20th century 
980 |a Trung tâm Học liệu Trường Đại học Cần Thơ